Life oriantation. Grade 11 : study and master (Record no. 144929)

MARC details
000 -LEADER
fixed length control field 00281nam a2200097Ia 4500
082 ## - DEWEY DECIMAL CLASSIFICATION NUMBER
Classification number ST 303.32 TURN
008 - FIXED-LENGTH DATA ELEMENTS--GENERAL INFORMATION
fixed length control field 210817s9999 xx 000 0 und d
100 ## - MAIN ENTRY--PERSONAL NAME
Personal name TURNER, Mandy Cape Town, 2009
9 (RLIN) 42783
245 #0 - TITLE STATEMENT
Title Life oriantation. Grade 11 : study and master
942 ## - ADDED ENTRY ELEMENTS
item type Books
Holdings
Withdrawn status Lost status Damaged status Not for loan Home library Current library Date acquired Cost, normal purchase price Total Checkouts Barcode Date last seen Price effective from item type
        Siyathuthuka PL (MMID-PLEMA-SIYA) Siyathuthuka PL (MMID-PLEMA-SIYA) 18.08.2021 101.00   3322810011462 18.08.2021 18.08.2021 Books